Powerpuff Girls Villains - Statistics

General Stats
  • This quiz has been taken 308 times
  • The average score is 7 of 19
Answer Stats
Hint Answer % Correct
Mojo Jojo
98%
Him
89%
Princess Morbucks
65%
Fuzzy Lumpkins
61%
The Gangreen Gang
57%
The Rowdyruff Boys
48%
Sedusa
46%
The Amoeba Boys
41%
Ace Copular
28%
Big Billy
27%
Snake Ingleberry
26%
Butch
24%
Boomer
21%
Brick
21%
Grubber
21%
Lil' Arturo
20%
Slim
10%
Bossman
9%
Junior
9%
No matching quizzes found
Score Distribution
Percent of People with Each Score
Percentile by Number Answered
Your Score History
You have not taken this quiz